Prof.Srinivasa Ramanujan commemoration (Record no. 4685)

MARC details
000 -LEADER
fixed length control field 00734nam a2200193Ia 4500
003 - CONTROL NUMBER IDENTIFIER
control field IN-BaIIA
008 - FIXED-LENGTH DATA ELEMENTS--GENERAL INFORMATION
fixed length control field 211028s9999 xx 000 0 eng d
040 ## - CATALOGING SOURCE
Transcribing agency IIA Library
080 ## - UNIVERSAL DECIMAL CLASSIFICATION NUMBER
Universal Decimal Classification number 6.09
Item number BHA
245 #0 - TITLE STATEMENT
Title Prof.Srinivasa Ramanujan commemoration
Statement of responsibility, etc. compiled by Swaminatha Subramani Aiyer; edited by Ramananda Bharathi
260 ## - PUBLICATION, DISTRIBUTION, ETC.
Place of publication, distribution, etc. Madras
Name of publisher, distributor, etc. The Professor Srinivasa Ramanujan,International Memorial Committee
Date of publication, distribution, etc. 1974
300 ## - PHYSICAL DESCRIPTION
Extent [various pagings.]
650 ## - SUBJECT ADDED ENTRY--TOPICAL TERM
Topical term or geographic name entry element  Biography-Srinivasa Ramanujan 
9 (RLIN) 8295
650 ## - SUBJECT ADDED ENTRY--TOPICAL TERM
Topical term or geographic name entry element  Srinivasa Ramanujan Biography
9 (RLIN) 8296
650 ## - SUBJECT ADDED ENTRY--TOPICAL TERM
Topical term or geographic name entry element Astronomy and Astrophysics Thesaurus 
9 (RLIN) 1143
700 ## - ADDED ENTRY--PERSONAL NAME
Personal name Aiyer, Swaminatha Subramani., comp.
9 (RLIN) 8297
700 ## - ADDED ENTRY--PERSONAL NAME
Personal name Bharathi, Ramananda., ed.
9 (RLIN) 8298
942 ## - ADDED ENTRY ELEMENTS (KOHA)
Koha item type Books
Holdings
Withdrawn status Lost status Damaged status Not for loan Home library Current library Shelving location Date acquired Total Checkouts Full call number Barcode Date last seen Price effective from Koha item type
        IIA Library-Bangalore IIA Library-Bangalore General Stacks 12/02/1975   06.09/ BHA 5231 05/11/2021 12/02/1975 Books

Powered by Koha